000 00439pab a2200169 454500
008 180718b2001 xxu||||| |||| 00| 0 eng d
100 _aKiran Prasad
245 _aIndian tradition of ecological protection and religion
260 _c2001
300 _ap.64-75
362 _aDec
650 _aReligion - India
650 _aEcological crisis - India
650 _aEcological crisis
773 _aMan and Development
909 _a51561
999 _c51561
_d51561